LEADER 01699nam a2200349 u 4500 001 000000014587 003 CaOOAMICUS 005 20100111162922.0 008 941212s1980 gw u000 u ger u 020 $a3402039133 035 $a10344097 040 $aPUL(R)$bita$dMCT 100 1 $aHedwig, Klaus.$0(OLS)http://pul/name/2548 245 10$aSphaera Lucis :$bStudien zur Intelligibilität des Seienden im Kontext der mittelalterlichen Lichtspekulation /$cKlaus Hedwig. 260 $aMünster :$bAschendorff,$c1980. 300 $avii, 299 p. ;$c23 cm 490 1 $aBeiträge zur Geschichte der Philosophie und Theologie des Mittelalters. Texte und Untersuchungen. Neue Folge,$x0067-5024 ;$vBd. 18 500 $aContiene indici. 504 $aBibliografia in nota. 650 4$aFilosofia medievale.$0(OLS)http://pul/subject/139 650 4$aTomismo.$0(OLS)http://pul/subject/597 650 4$aOntologia.$0(OLS)http://pul/subject/4424 650 4$aTeologia speculativa.$0(OLS)http://pul/subject/10194 830 0$aBeiträge zur Geschichte der Philosophie und Theologie des Mittelalters ;$vBd. 18.$0(OLS)http://pul/title/1335 850 $aPUL 852 $aPUL$W1$xSL Religione 2$y84$mTheol A2 44.18$j20480$nBK-PRI$qStampati altre collocazioni$B20480$CPULBib$Z2$F20480 $H48257 $82 941 1 $a10 960 $aFilosofia medioevale$9139 961 $aINV: 48257 996 $6020$a3402039133$9(OLS)http://pul/number/18517 996 $6245$aSphaera Lucis :$bStudien zur Intelligibilität des Seienden im Kontext der mittelalterlichen Lichtspekulation$9(OLS)http://pul/title/20950 996 $6260$aMünster :$bAschendorff$9(OLS)http://pul/publisher/48290 LEADER 01770nam a2200397 u 4500 001 000000051312 003 CaOOAMICUS 005 20070226115325.0 008 000914m19911996it u000 u ita u 020 $a8830804819 (v.1) 020 $a8830805904 (v.2) 035 $a10855448 040 $aPUL$bita$dPUL(R) 100 1 $aCappellaro, Juan Bautista.$0(OLS)http://pul/name/34953 245 10$aAlla ricerca di senso :$bcammino di fede dei piccoli gruppi /$cJ.B. Cappellaro, A. Apolloni, U. Mesini. 260 $aAssisi :$bCittadella,$cc1991-1996. 300 $a2 v. ;$c24 cm 490 1 $aPastorale/Strumenti 500 $aContiene indici. 504 $aBibliografia in nota. 650 4$aTeologia pastorale.$0(OLS)http://pul/subject/1301 650 4$aCatechesi.$0(OLS)http://pul/subject/4492 700 1 $aMesini, Ugo.$0(OLS)http://pul/name/36856 700 1 $aApolloni, Antonella.$0(OLS)http://pul/name/36860 830 0$aPastorale/Strumenti.$0(OLS)http://pul/title/68965 850 $aPUL 852 $aPUL$W1$xSL Religione 2$y84$mRH E1 60.1-2$j67972$nBK-PRI$b $qStampati altre collocazioni$B67972$CPULBib$Z2$F67972 $H $81 852 $aPUL$W1$xSL Religione 2$y84$mRH E1 60.1-2$j67972$nBK-PRI$b $qStampati altre collocazioni$B67973$CPULBib$Z2$F67973 $H $81 941 1 $a10 960 $aPastorale$91301 961 $aINV: 82713-714 961 $aINV: 82713-714 996 $6020$a8830804819 (v.1)$9(OLS)http://pul/number/64940 996 $6020$a8830805904 (v.2)$9(OLS)http://pul/number/64941 996 $6245$aAlla ricerca di senso :$bcammino di fede dei piccoli gruppi$9(OLS)http://pul/title/68970 996 $6260$aAssisi :$bCittadella$9(OLS)http://pul/publisher/49668